| Tag |
First Indicator |
Second Indicator |
Subfields |
| LEADER |
00000cam a2200000Ia 4500 |
| 001 |
in00002469521 |
| 005 |
20210727085042.0 |
| 006 |
m d |
| 007 |
cr cn||||||||| |
| 008 |
081017s2005 sz a sb 110 0 eng d |
| 020 |
|
|
|a 3764373989
|
| 020 |
|
|
|a 9783764373986
|
| 035 |
|
|
|a (OCoLC)262681931
|
| 035 |
|
|
|a (OCoLC)ocn262681931
|
| 035 |
|
|
|a 3071219
|
| 037 |
|
|
|a 978-3-7643-7290-3
|b Springer
|n http://www.springerlink.com
|
| 040 |
|
|
|a GW5XE
|b eng
|c GW5XE
|d UtOrBLW
|
| 049 |
|
|
|a TEFA
|
| 050 |
1 |
4 |
|a QA329
|b .I585 2003eb
|
| 082 |
0 |
4 |
|a 515/.724
|2 22
|
| 111 |
2 |
|
|a International Workshop on Operator Theory and Applications
|n (14th :
|d 2003 :
|c Cagliari, Italy)
|
| 245 |
1 |
0 |
|a Recent advances in operator theory and its applications :
|b the Israel Gohberg anniversary volume : International Workshop on Operator Theory and its Applications, IWOTA 2003, Cagliari, Italy /
|c Marinus A. Kaashoek, Sebastiano Seatzu, Cornelis van der Mee, editors.
|
| 264 |
|
1 |
|a Basel ;
|a Boston :
|b Birkhäuser Verlag,
|c [2005]
|
| 264 |
|
4 |
|c ©2005
|
| 300 |
|
|
|a vi, 478 pages :
|b illustrations ;
|c 24 cm.
|
| 336 |
|
|
|a text
|b txt
|2 rdacontent
|
| 337 |
|
|
|a computer
|b c
|2 rdamedia
|
| 338 |
|
|
|a online resource
|b cr
|2 rdacarrier
|
| 490 |
1 |
|
|a Operator theory, advances and applications ;
|v v. 160
|
| 500 |
|
|
|a Electronic resource.
|
| 504 |
|
|
|a Includes bibliographical references.
|
| 533 |
|
|
|a Electronic reproduction.
|b New York :
|c Springer,
|d 2008.
|n Mode of access: World Wide Web.
|n System requirements: Web browser.
|n Title from title screen (viewed on Oct. 10, 2008).
|n Access may be restricted to users at subscribing institutions.
|
| 650 |
|
0 |
|a Operator theory
|x Research
|v Congresses.
|
| 655 |
|
7 |
|a Electronic books.
|2 local
|
| 700 |
1 |
|
|a Gohberg, I.
|q (Israel),
|d 1928-2009.
|0 http://id.loc.gov/authorities/names/n79145608
|
| 700 |
1 |
|
|a Kaashoek, M. A.
|0 http://id.loc.gov/authorities/names/n79145615
|
| 700 |
1 |
|
|a Mee, C. V. M. van der
|q (Cornelis Victor Maria)
|0 http://id.loc.gov/authorities/names/n86858919
|
| 700 |
1 |
|
|a Seatzu, Sebastiano.
|0 http://id.loc.gov/authorities/names/n2005066308
|
| 710 |
2 |
|
|a SpringerLink (Online service)
|0 http://id.loc.gov/authorities/names/no2005046756
|
| 776 |
1 |
|
|c Original
|z 3764372907
|z 9783764372903
|z 3764373989
|z 9783764373986
|w (DLC) 2005054565
|w (OCoLC)61478856
|
| 830 |
|
0 |
|a Operator theory, advances and applications ;
|v v. 160.
|0 http://id.loc.gov/authorities/names/n42017868
|
| 856 |
4 |
0 |
|u http://proxy.library.tamu.edu/login?url=https://dx.doi.org/10.1007/3-7643-7398-9
|z Connect to the full text of this electronic book
|t 0
|
| 856 |
4 |
2 |
|3 Publisher description
|u http://www.loc.gov/catdir/enhancements/fy0663/2005054565-d.html
|t 0
|
| 994 |
|
|
|a C0
|b TEF
|
| 999 |
|
|
|a MARS
|
| 999 |
f |
f |
|s 4986a9ae-2b87-34f0-8d6b-9bb06a1f1be1
|i 6f439256-39ad-3e8a-b440-05a0d8ed1b78
|t 0
|
| 952 |
f |
f |
|a Texas A&M University
|b College Station
|c Electronic Resources
|d Available Online
|t 0
|e QA329 .I585 2003eb
|h Library of Congress classification
|
| 998 |
f |
f |
|a QA329 .I585 2003eb
|t 0
|l Available Online
|